| 000 | 00696nam a2200217 i 4500 | ||
|---|---|---|---|
| 001 | 124617 | ||
| 003 | ES-MaACL | ||
| 005 | 20250813062634.0 | ||
| 007 | t| | ||
| 008 | 070410s1935 sp f |||| | spa d | ||
| 080 | _a746:2(46)(09) | ||
| 100 | 1 |
_aPérez Villanueva, Antolín. _991210 |
|
| 245 | 1 | 4 |
_aLos ornamentos sagrados en España _b: su evolución histórica y artística / _cAntolín P. Villanueva. |
| 260 |
_aBarcelona : _bLabor, _c[1935] |
||
| 300 |
_a332 p., XL p. de lám. ; _c17 cm. |
||
| 490 | 1 |
_aColección Labor ; _v356, 357 |
|
| 650 | 4 |
_aObjetos litúrgicos. _9165693 |
|
| 830 | 0 | 0 |
_aColección Labor _v356, 357 _9184254 |
| 852 |
_aES-MaACL _jE-2837 |
||
| 999 |
_c124617 _d124617 |
||